[Event "It Open"]
[Site "It (open)"]
[Date "1991.??.??"]
[Round "?"]
[White "Benjamin, Joel L"]
[Black "Kamsky, Gata"]
[Result "0-1"]
[WhiteElo "2555"]
[BlackElo "2640"]
[PlyCount "92"]
[EventDate "1991.??.??"]
[Source "www.chesslib.no"]
[SourceDate "2004.05.04"]

1. d4 Nf6 2. c4 g6 3. d5 d6 4. Nc3 Bg7 5. e4 c6 6. Nf3 Bg4 7. Be2 Nbd7 8. Be3 O-O 9. Nd2 Bxe2 10. Qxe2 Qa5 11. O-O Rac8 12. Rab1 Qa6 13. Bd4 Rfe8 14. dxc6 bxc6 15. b4 c5 16. b5 Qa3 17. Rb3 Qa5 18. Bxf6 Bxf6 19. Ndb1 e6 20. Qd2 Qc7 21. Rc1 Nb6 22. Ne2 d5 23. cxd5 exd5 24. exd5 Nxd5 25. Rd3 Rxe2 26. Qxe2 Nf4 27. Qf3 Nxd3 28. Qxd3 c4 29. Qf3 Bg5 30. Rc2 Qe5 31. Qe2 Qa1 32. Qf1 Qd4 33. g3 c3 34. Qe2 Kg7 35. Qf3 Bf6 36. Kg2 Rc5 37. h4 h5 38. Qe2 Qb4 39. Rc1 Rxb5 40. a3 Qb2 41. Nxc3 Qxc1 42. Nxb5 Qc6+ 43. Kg1 a6 44. Na7 Qc1+ 45. Qf1 Qc7 46. Qxa6 Bd4 0-1

[Event "Camp. azerbagiano 2009"]
[Site "Baku AZE"]
[Date "2009.01.18"]
[Round "6"]
[White "Abbasov, Farid"]
[Black "Safarli, Eltaj"]
[Result "1/2-1/2"]
[WhiteElo "2565"]
[BlackElo "2564"]
[PlyCount "82"]
[EventDate "2009.01.13"]
[Source "www.chesslib.no"]
[SourceDate "2004.05.04"]

1. d4 Nf6 2. c4 g6 3. d5 b5 4. cxb5 a6 5. bxa6 Bxa6 6. Nc3 Bg7 7. g3 c6 8. Bg2 cxd5 9. Nxd5 Nxd5 10. Qxd5 Nc6 11. Nf3 O-O 12. O-O Bxe2 13. Re1 e6 14. Qd6 Bxf3 15. Bxf3 Nd4 16. Bd1 Ra5 17. a4 Qc8 18. Bf4 Qb7 19. Rb1 Rc8 20. Qa3 Rc4 21. b4 Rf5 22. a5 Nb5 23. Qf3 d5 24. Be2 Nd4 25. Qd3 e5 26. Be3 e4 27. Qd1 Nxe2+ 28. Qxe2 Qb5 29. Bc5 Bc3 30. Rec1 Qa4 31. Qd1 Qb5 32. Rb3 Bf6 33. Rxc4 Qxc4 34. Ra3 Bb2 35. Ra4 Rf6 36. Qf1 Qb3 37. Ra1 Bxa1 38. Qxa1 Ra6 39. Qe5 Qd1+ 40. Kg2 Qf3+ 41. Kg1 Qd1+ 1/2-1/2

[Event "It (Open) Cork IRL"]
[Site "?"]
[Date "2005.04.02"]
[Round "4"]
[White "Cicak Slavko"]
[Black "Socko Bartosz"]
[Result "1/2-1/2"]
[WhiteElo "2530"]
[BlackElo "2583"]
[PlyCount "141"]
[EventDate "2005.??.??"]
[Source "www.chesslib.no"]
[SourceDate "2004.05.04"]

1. c4 g6 2. d4 Nf6 3. d5 Bg7 4. Nc3 O-O 5. e4 d6 6. Be2 e6 7. Nf3 exd5 8. exd5 Bg4 9. O-O Nbd7 10. h3 Bxf3 11. Bxf3 Re8 12. Bf4 Nc5 13. Qc2 a5 14. Rfe1 Qd7 15. Nb5 Rxe1+ 16. Rxe1 Re8 17. Rxe8+ Nxe8 18. Bd2 b6 19. b3 Qe7 20. a3 Qe5 21. b4 Qa1+ 22. Qd1 axb4 23. Qxa1 Bxa1 24. axb4 Na6 25. Kf1 Ng7 26. g4 h5 27. Ke2 hxg4 28. hxg4 f5 29. Na7 Nb8 30. Nb5 Na6 31. Kd3 Kf7 32. Bd1 Bf6 33. g5 Be5 34. f4 Ba1 35. Na7 Nb8 36. Kc2 Nh5 37. Be3 Ng3 38. Kd3 Bb2 39. Kc2 Bg7 40. Bf2 Nh5 41. Bxh5 gxh5 42. Kb3 Kg6 43. Nc6 Nxc6 44. dxc6 Kf7 45. Bxb6 h4 46. Bg1 Ke6 47. b5 h3 48. Kc2 Bd4 49. Bh2 d5 50. Kd3 Bc5 51. cxd5+ Kxd5 52. Ke2 Bd4 53. g6 Kc5 54. Kf3 Kxb5 55. Kg3 Kxc6 56. Kxh3 Kd5 57. Kh4 Ke6 58. Kg5 c5 59. Kh6 c4 60. Bg1 Bf6 61. Be3 c3 62. Kh7 Kd5 63. g7 Bxg7 64. Kxg7 Ke4 65. Bc1 Kd3 66. Kf6 Kc2 67. Ba3 Kb3 68. Bc5 Kc4 69. Bb6 Kd3 70. Bc5 Kc4 71. Ba3 1/2-1/2

[Event "IBM"]
[Site "?"]
[Date "1978.??.??"]
[Round "?"]
[White "Djindjihashvili"]
[Black "Adorjan"]
[Result "1/2-1/2"]
[WhiteElo "2540"]
[BlackElo "2530"]
[PlyCount "103"]
[EventDate "1978.??.??"]
[Source "www.chesslib.no"]
[SourceDate "2004.05.04"]

1. d4 Nf6 2. c4 g6 3. d5 b5 4. cxb5 a6 5. bxa6 c6 6. dxc6 Nxc6 7. e3 Bg7 8. Nf3 O-O 9. Be2 Bxa6 10. Bxa6 Qa5+ 11. Nc3 Ne4 12. O-O Nxc3 13. bxc3 Rxa6 14. Bd2 Rfa8 15. Qc2 Qd5 16. Rfb1 Rxa2 17. c4 Qa5 18. Rxa2 Qxa2 19. Qxa2 Rxa2 20. Kf1 g5 21. Be1 g4 22. Nd4 Bxd4 23. exd4 Rc2 24. Rb7 Rxc4 25. Rxd7 Rxd4 26. Rxd4 Nxd4 27. Bc3 Nf5 28. h3 g3 29. Ke2 gxf2 30. Kxf2 f6 31. Kf3 Kf7 32. g4 Nd6 33. Bb4 Ke6 34. Kf4 Kd5 35. g5 e5+ 36. Kg4 f5+ 37. Kh5 Nf7 38. g6 hxg6+ 39. Kxg6 f4 40. h4 f3 41. Be1 e4 42. Bf2 Ne5+ 43. Kf5 Nd3 44. Be3 f2 45. Bxf2 Nxf2 46. h5 e3 47. h6 e2 48. h7 e1=Q 49. h8=Q Qe4+ 50. Kg5 Qg2+ 51. Kf4 Nh3+ 52. Ke3 1/2-1/2

[Event "CZE-chT 9899"]
[Site "CZE"]
[Date "1999.??.??"]
[Round "5"]
[White "Cicak, Slavko"]
[Black "Ftacnik, Lubomir"]
[Result "0-1"]
[WhiteElo "2480"]
[BlackElo "2580"]
[PlyCount "72"]
[EventDate "1998.??.??"]
[Source "www.chesslib.no"]
[SourceDate "2004.05.04"]

1. d4 Nf6 2. c4 g6 3. d5 Bg7 4. Nc3 O-O 5. e4 d6 6. Bd3 c6 7. Nge2 Ng4 8. Ng3 h5 9. h3 Ne5 10. Be2 e6 11. O-O exd5 12. exd5 f5 13. f4 Nf7 14. Bf3 c5 15. Qd3 Re8 16. Bd2 Na6 17. a3 Bd7 18. Bxh5 gxh5 19. Nxh5 Bd4+ 20. Kh2 Qh4 21. Qf3 Nh6 22. g3 Qe7 23. Kg2 Qf7 24. Ne2 Bh8 25. Bc3 Ng4 26. hxg4 fxg4 27. Qf2 Bf5 28. Rh1 Be4+ 29. Kg1 Bxh1 30. Qh2 Bf3 31. Bxh8 Rxe2 32. Qh4 Kxh8 33. Qg5 Qe7 34. Qh6+ Kg8 35. Qg6+ Kf8 36. Qh6+ Ke8 0-1

[Event "Schlechter Memorial 6th"]
[Site "Gloggnitz"]
[Date "1971.09.23"]
[Round "6"]
[White "Hartoch, Robert G"]
[Black "Hort, Vlastimil"]
[Result "0-1"]
[WhiteElo "2400"]
[BlackElo "2605"]
[PlyCount "84"]
[EventDate "1971.09.18"]
[Source "www.chesslib.no"]
[SourceDate "2004.05.04"]

1. d4 Nf6 2. c4 g6 3. d5 c6 4. Nc3 cxd5 5. cxd5 Qa5 6. g3 Bg7 7. Bg2 d6 8. Be3 Na6 9. a3 Nc7 10. Bd2 Bd7 11. e4 Qb6 12. Rb1 Ng4 13. Qe2 Bd4 14. Nh3 h5 15. Bf3 Ne5 16. Nf4 g5 17. Nd3 Nxd3+ 18. Qxd3 Bxf2+ 19. Kf1 g4 20. Be2 h4 21. Kg2 h3+ 22. Kf1 Bd4 23. Rd1 Be5 24. b4 Rc8 25. Be3 Qa6 26. Qxa6 bxa6 27. Bd4 Nb5 28. Nxb5 Bxb5 29. Bxe5 dxe5 30. Bxb5+ axb5 31. Ke2 Kd7 32. Rhf1 f6 33. Kd3 Rc4 34. Rc1 Rhc8 35. Rxc4 Rxc4 36. Ra1 a6 37. Rb1 Kd6 38. Ra1 Rd4+ 39. Ke3 a5 40. bxa5 Ra4 41. Kd3 Rxa5 42. Kd2 Ra4 0-1

[Event "Zinnowitz 8th"]
[Site "Zinnowitz GER"]
[Date "1971.09.17"]
[Round "2"]
[White "Uhlmann, Wolfgang"]
[Black "Liebert, Heinz"]
[Result "1-0"]
[WhiteElo "2570"]
[BlackElo "2420"]
[PlyCount "75"]
[EventDate "1971.09.15"]
[Source "www.chesslib.no"]
[SourceDate "2004.05.04"]

1. d4 Nf6 2. c4 g6 3. d5 Bg7 4. Nc3 O-O 5. e4 d6 6. Be2 c6 7. Nf3 Na6 8. Be3 e5 9. dxe6 Bxe6 10. O-O Qe7 11. Qc2 Ng4 12. Bg5 Qc7 13. Rad1 Rae8 14. Bf4 Ne5 15. b3 Bc8 16. Nd4 Nc5 17. h3 a5 18. Rfe1 Re7 19. Bg3 Qb6 20. Kh2 Qb4 21. Bh4 Ree8 22. Bg5 h6 23. Be3 Re7 24. f4 Ned7 25. Bf3 Rfe8 26. Ndb5 cxb5 27. Nd5 Nxe4 28. Nxb4 axb4 29. Bxe4 Rxe4 30. Bd2 Nf6 31. Rxe4 Rxe4 32. Re1 Rd4 33. Be3 Re4 34. cxb5 Bf5 35. Qd2 Re6 36. Bd4 Nd5 37. Bxg7 Rxe1 38. Bxh6 1-0

[Event "AUT Team Ch"]
[Site "Austria"]
[Date "1992.??.??"]
[Round "?"]
[White "Kelecevic, Nedeljko"]
[Black "Stohl, Igor"]
[Result "0-1"]
[WhiteElo "2405"]
[BlackElo "2560"]
[PlyCount "56"]
[EventDate "1992.??.??"]
[Source "www.chesslib.no"]
[SourceDate "2004.05.04"]

1. d4 Nf6 2. c4 g6 3. d5 Bg7 4. Nc3 O-O 5. e4 c6 6. Nge2 e6 7. Nf4 Na6 8. e5 Ne8 9. dxe6 Bxe5 10. exf7+ Rxf7 11. g3 Qe7 12. Be2 Nc5 13. O-O d6 14. Be3 Ng7 15. Qd2 Nf5 16. Ng2 Nxe3 17. Nxe3 Bh3 18. Ng2 Bxc3 19. bxc3 Ne4 20. Qe3 Nxc3 21. Qxc3 Qxe2 22. Qd4 Raf8 23. Rae1 Qxa2 24. Ra1 Qe2 25. Rxa7 c5 26. Qd5 Be6 27. Qd1 Bxc4 28. Ne3 Qxe3 0-1

[Event "Baden-Baden"]
[Site "Baden-Baden"]
[Date "1981.??.??"]
[Round "?"]
[White "Gheorghiu, Florin"]
[Black "Honfi, Karoly"]
[Result "1-0"]
[WhiteElo "2560"]
[BlackElo "2390"]
[PlyCount "79"]
[EventDate "1981.07.??"]
[Source "ChessBase"]

1. d4 Nf6 2. c4 g6 3. d5 c6 4. Nc3 cxd5 5. cxd5 d6 6. e4 Bg7 7. Nf3 O-O 8. Be2 b5 9. a3 a6 10. Be3 Nbd7 11. Nd4 Bb7 12. f3 Rc8 13. O-O Ne5 14. Qd2 Nc4 15. Bxc4 Rxc4 16. b3 Rc8 17. a4 b4 18. Nce2 a5 19. Rac1 Qd7 20. Nb5 Ba6 21. Ned4 e6 22. Nc6 exd5 23. exd5 Rfe8 24. Bb6 Nh5 25. Bxa5 Bxb5 26. axb5 Bc3 27. Rxc3 bxc3 28. Bxc3 Rf8 29. Qd4 f6 30. b6 Ng7 31. Qb4 Nf5 32. Re1 Rce8 33. b7 Rb8 34. Nxb8 Rxb8 35. Bxf6 Rxb7 36. Qc4 Rc7 37. Qe4 Kf7 38. Bg5 Rb7 39. g4 Ng7 40. Qf4+ 1-0

[Event "CSR-ch int"]
[Site "Luhacovice"]
[Date "1971.??.??"]
[Round "9"]
[White "Szabo, Laszlo"]
[Black "Hlousek, Zdenek"]
[Result "1-0"]
[WhiteElo "2525"]
[BlackElo "2380"]
[PlyCount "55"]
[EventDate "1971.04.??"]
[Source "ChessBase"]

1. d4 Nf6 2. c4 g6 3. d5 c6 4. Nc3 Bg7 5. e4 cxd5 6. cxd5 d6 7. Nf3 O-O 8. Be2 Nbd7 9. Be3 Nc5 10. Nd2 Nfd7 11. O-O a5 12. Rc1 b6 13. b3 Ne5 14. Ndb1 Ba6 15. Bxa6 Rxa6 16. Qe2 Ra8 17. Rfd1 Qd7 18. h3 Qb7 19. Na3 Rfc8 20. Nab5 Qa6 21. Bd4 Bh6 22. Rb1 Ned7 23. Rf1 Qb7 24. f4 f6 25. h4 Na6 26. Qg4 Nf8 27. e5 f5 28. Qe2 1-0

[Event "Groningen op"]
[Site "Groningen"]
[Date "1991.??.??"]
[Round "5"]
[White "Petran, Peter"]
[Black "Malisauskas, Vidmantas"]
[Result "1/2-1/2"]
[WhiteElo "2395"]
[BlackElo "2495"]
[PlyCount "125"]
[EventDate "1991.12.??"]
[Source "ChessBase"]

1. d4 Nf6 2. c4 g6 3. d5 c6 4. Nc3 cxd5 5. cxd5 d6 6. g3 Bg7 7. Bg2 O-O 8. e4 Na6 9. Nge2 Nc5 10. Be3 Qb6 11. Rb1 Ng4 12. Bd4 Bxd4 13. Qxd4 Bd7 14. O-O Rfc8 15. h3 Ne5 16. f4 Nc4 17. Kh2 Na6 18. Rfd1 Nb4 19. b3 Na3 20. Rbc1 Qxd4 21. Nxd4 Rc5 22. Na4 Bxa4 23. bxa4 Rac8 24. Rxc5 Rxc5 25. e5 Nxa2 26. exd6 exd6 27. f5 Nc2 28. Nb5 Nc3 29. Nxc3 Rxc3 30. f6 Ne3 31. Re1 Kf8 32. g4 h6 33. Kg1 b6 34. Kf2 Nxg2 35. Kxg2 Rc2+ 36. Kf3 g5 37. Re3 Rc4 38. a5 bxa5 39. Re7 Rf4+ 40. Kg2 Rxf6 41. Rxa7 Rf4 42. Rxa5 Rd4 43. Kf3 Rd3+ 44. Ke4 Rxh3 45. Ra6 Rg3 46. Rxd6 Rxg4+ 47. Ke5 Kg7 48. Ra6 Rg1 49. d6 Re1+ 50. Kf5 Rd1 51. Rb6 Ra1 52. Rb5 Ra7 53. Rd5 Rd7 54. Rd4 Kf8 55. Ke5 Ke8 56. Rd3 g4 57. Kf4 f5 58. Kxf5 Rg7 59. Ra3 Rg5+ 60. Ke6 Rg6+ 61. Ke5 g3 62. Ra8+ Kd7 63. Ra7+ 1/2-1/2

[Event "Rubinstein Open, Polanica Zdroj POL"]
[Site "?"]
[Date "2001.??.??"]
[Round "9"]
[White "Abbasov, F."]
[Black "Shishkin, Va"]
[Result "0-1"]
[WhiteElo "2425"]
[BlackElo "2455"]
[PlyCount "39"]
[EventDate "2001.??.??"]
[Source "www.chesslib.no"]
[SourceDate "2004.05.04"]

1. d4 Nf6 2. c4 g6 3. d5 d6 4. Nc3 Bg7 5. e4 c6 6. Nf3 O-O 7. Be2 b5 8. cxb5 cxd5 9. exd5 Bb7 10. O-O Nbd7 11. Ne1 Nb6 12. Bf3 a6 13. Nc2 axb5 14. Nb4 Na4 15. Nxb5 Qa5 16. Nxd6 exd6 17. Nc6 Bxc6 18. dxc6 Nc5 19. Bd2 Qb5 20. b3 0-1

[Event "DSV-Turnier"]
[Site "Leipzig GER"]
[Date "1977.??.??"]
[Round "5"]
[White "Peev, Peicho C"]
[Black "Hesse, Peter"]
[Result "1-0"]
[WhiteElo "2460"]
[BlackElo "2415"]
[PlyCount "69"]
[EventDate "1977.12.01"]
[Source "www.chesslib.no"]
[SourceDate "2004.05.04"]

1. d4 Nf6 2. c4 g6 3. d5 Bg7 4. Nc3 d6 5. e4 e5 6. dxe6 Bxe6 7. Bd3 Nbd7 8. f4 Nc5 9. Nge2 c6 10. Be3 Qa5 11. Bd4 O-O 12. h3 d5 13. cxd5 cxd5 14. e5 Nfe4 15. O-O Nxd3 16. Qxd3 Nxc3 17. Bxc3 Qb6+ 18. Bd4 Qa5 19. Qe3 b6 20. g4 Bd7 21. f5 Rfe8 22. e6 fxe6 23. f6 e5 24. f7+ Kh8 25. fxe8=Q+ Rxe8 26. Bc3 Qb5 27. Rad1 h6 28. Rf7 d4 29. Qe4 Be6 30. Rc7 Bd7 31. Be1 Re6 32. Nc3 Bc6 33. Nxb5 Bxe4 34. Rxa7 Bf3 35. Rc1 1-0

[Event "ISR-chT"]
[Site "Israel"]
[Date "1997.01.04"]
[Round "2"]
[White "Nor, Igor"]
[Black "Shmuter, Leonid"]
[Result "0-1"]
[WhiteElo "2365"]
[BlackElo "2490"]
[PlyCount "60"]
[EventDate "1997.??.??"]
[Source "ChessBase"]
[SourceDate "1997.04.10"]

1. d4 Nf6 2. c4 g6 3. d5 c6 4. Nc3 cxd5 5. cxd5 d6 6. e4 Bg7 7. Bd3 O-O 8. Nge2 Nbd7 9. O-O Ne5 10. Bc2 Bd7 11. b3 b5 12. a3 Rc8 13. Be3 Nfg4 14. Bd4 Nxh2 15. Kxh2 Ng4+ 16. Kg3 e5 17. dxe6 fxe6 18. Qd2 Bh6 19. f4 e5 20. Bxa7 Qc7 21. Bg1 exf4+ 22. Kf3 Ne3 23. Qd3 Bg4+ 24. Kf2 f3 25. Ke1 Nxg2+ 26. Kf2 Be3+ 27. Kg3 d5+ 28. Kxg4 Rf4+ 29. Kg3 Rxe4+ 30. Kxf3 Nh4# 0-1

[Event "HUN-ch"]
[Site "Budapest"]
[Date "1971.??.??"]
[Round "10"]
[White "Kluger, Gyula"]
[Black "Honfi, Karoly"]
[Result "0-1"]
[WhiteElo "2400"]
[BlackElo "2435"]
[PlyCount "102"]
[EventDate "1971.??.??"]
[Source "ChessBase"]

1. d4 Nf6 2. c4 g6 3. d5 Bg7 4. Nc3 d6 5. e4 O-O 6. Be2 c6 7. Nf3 Na6 8. Be3 Ng4 9. Bd4 f6 10. h3 Nh6 11. Qd2 e5 12. dxe6 Bxe6 13. O-O Qe7 14. Rfe1 Nf7 15. Rad1 Rfe8 16. b3 Qf8 17. Nh4 Nc7 18. f4 c5 19. Bf2 Bh6 20. Be3 Bd7 21. Nf3 Re7 22. Bd3 Bc6 23. Nd5 Bxd5 24. cxd5 Rae8 25. g3 b5 26. Qc1 Kh8 27. Bd2 b4 28. h4 Bg7 29. Qb1 Nh6 30. Bc4 Ng4 31. Bc1 Rb8 32. Qd3 Qe8 33. Bb2 a6 34. Re2 Nb5 35. Rde1 Rb6 36. Kg2 Qb8 37. Kh3 Qc8 38. Kg2 Qb8 39. Kg1 Re8 40. Kf1 Rb7 41. Kg2 Rbe7 42. Ba1 Nc3 43. Bxc3 bxc3 44. Bxa6 f5 45. exf5 Rxe2+ 46. Rxe2 Rxe2+ 47. Qxe2 c2 48. Ng5 c1=Q 49. Nf7+ Kg8 50. Qe6 Kf8 51. Ng5 Qd2+ 0-1

[Event "BUL Ch"]
[Site "Bulgaria"]
[Date "1975.??.??"]
[Round "6"]
[White "Peev, Peicho C"]
[Black "Radev, Nikolai"]
[Result "1-0"]
[WhiteElo "2425"]
[BlackElo "2405"]
[PlyCount "55"]
[EventDate "1975.??.??"]
[Source "www.chesslib.no"]
[SourceDate "2004.05.04"]

1. d4 Nf6 2. c4 g6 3. d5 b5 4. cxb5 a6 5. bxa6 c6 6. Nc3 cxd5 7. Nxd5 Qa5+ 8. Nc3 Bg7 9. Bd2 Nxa6 10. Nf3 Bb7 11. e3 O-O 12. Be2 Qf5 13. O-O e5 14. Qb1 Qe6 15. b4 d5 16. Qb3 Rfd8 17. Rfd1 Qe7 18. Na4 Rab8 19. Rac1 d4 20. Bxa6 Bxa6 21. exd4 exd4 22. Nc5 Be2 23. Re1 Nd5 24. Bg5 f6 25. Nxd4 fxg5 26. Rxe2 Rxb4 27. Rxe7 Rxb3 28. Rxg7+ 1-0

[Event "CSR Ch"]
[Site "Brno CZE"]
[Date "1990.??.??"]
[Round "8"]
[White "Petran, Peter"]
[Black "David, Pavel"]
[Result "0-1"]
[WhiteElo "2385"]
[BlackElo "2440"]
[PlyCount "38"]
[EventDate "1990.??.??"]
[Source "www.chesslib.no"]
[SourceDate "2004.05.04"]

1. d4 Nf6 2. c4 g6 3. d5 Bg7 4. Nc3 O-O 5. e4 d6 6. g3 e6 7. Bg2 c6 8. dxc6 bxc6 9. Be3 e5 10. Qd2 Ng4 11. c5 Nxe3 12. Qxe3 dxc5 13. Qxc5 Na6 14. Qc4 Qb6 15. Nge2 Nb4 16. Na4 Qa5 17. Nec3 Ba6 18. Qb3 Rab8 19. Qd1 Rfd8 0-1

[Event "New Dolmen op"]
[Site "?"]
[Date "2002.01.16"]
[Round "4"]
[White "Loktiev Ivan"]
[Black "Djuric Stefan"]
[Result "1/2-1/2"]
[WhiteElo "2336"]
[BlackElo "2487"]
[PlyCount "38"]
[EventDate "2002.??.??"]
[Source "www.chesslib.no"]
[SourceDate "2004.05.04"]

1. d4 Nf6 2. c4 g6 3. d5 Bg7 4. Nc3 O-O 5. e4 d6 6. Be2 Nbd7 7. Nf3 Nc5 8. Qc2 c6 9. O-O cxd5 10. cxd5 Bd7 11. Be3 Rc8 12. Qb1 Ng4 13. Bd4 Bxd4 14. Nxd4 Qb6 15. Bxg4 Bxg4 16. h3 Bd7 17. Rd1 a5 18. Rd2 a4 19. a3 Qa5 1/2-1/2

[Event "Frankfurt"]
[Site "Frankfurt"]
[Date "1990.??.??"]
[Round "?"]
[White "Alber, Horst"]
[Black "Gutman, Lev"]
[Result "0-1"]
[WhiteElo "2340"]
[BlackElo "2475"]
[PlyCount "66"]
[EventDate "1990.??.??"]
[Source "ChessBase"]

1. d4 Nf6 2. c4 g6 3. d5 c6 4. Nc3 cxd5 5. cxd5 Bg7 6. e4 d6 7. Nf3 O-O 8. Be2 Nbd7 9. Be3 Nc5 10. Nd2 e6 11. dxe6 Bxe6 12. O-O Rc8 13. Rc1 a6 14. f3 b5 15. b4 Ncd7 16. Nb3 Ne5 17. Na5 Qe7 18. Bd4 Nc6 19. Nxc6 Rxc6 20. Qd2 Rfc8 21. a4 bxa4 22. b5 axb5 23. Bxb5 R6c7 24. Ne2 a3 25. Rxc7 Rxc7 26. Ra1 d5 27. e5 Nd7 28. f4 Bf8 29. Qa5 Rc8 30. Kf2 Nc5 31. Ra2 Nb3 32. Qa4 Nxd4 33. Nxd4 Qh4+ 0-1

[Event "Hoogovens-B"]
[Site "Wijk aan Zee"]
[Date "1972.??.??"]
[Round "?"]
[White "Van Scheltinga, Theo D"]
[Black "Schmidt, Wlodzimierz"]
[Result "1/2-1/2"]
[WhiteElo "2360"]
[BlackElo "2450"]
[PlyCount "51"]
[EventDate "1972.??.??"]
[Source "ChessBase"]

1. d4 Nf6 2. c4 g6 3. d5 c6 4. Nc3 cxd5 5. cxd5 d6 6. e4 Bg7 7. Nf3 O-O 8. Be2 Nbd7 9. Be3 Ng4 10. Bd4 Bxd4 11. Nxd4 Ngf6 12. O-O Nc5 13. f3 Qb6 14. Qd2 Bd7 15. Kh1 Rfc8 16. Rfc1 Na4 17. Nxa4 Bxa4 18. b3 Bd7 19. a4 a5 20. Bb5 Bxb5 21. Nxb5 Nd7 22. Ra2 Rxc1+ 23. Qxc1 Nc5 24. Qc3 Na6 25. Rd2 Qd8 26. Rd4 1/2-1/2

[Event "CSR-ch"]
[Site "Frenstat"]
[Date "1982.??.??"]
[Round "7"]
[White "Trapl, Jindrich"]
[Black "Pribyl, Josef"]
[Result "0-1"]
[WhiteElo "2380"]
[BlackElo "2425"]
[PlyCount "86"]
[EventDate "1982.09.??"]
[Source "ChessBase"]

1. d4 Nf6 2. c4 g6 3. d5 c6 4. Nc3 cxd5 5. cxd5 Qa5 6. g3 Bg7 7. Bg2 d6 8. Bd2 O-O 9. Qc1 Nbd7 10. a4 Nc5 11. Ra3 Bd7 12. b4 Qxb4 13. Nb5 Nb3 14. Bxb4 Nxc1 15. Bd2 Rfc8 16. Nc3 Ne8 17. Kd1 Bxc3 18. Bxc3 Nb3 19. Rxb3 Bxa4 20. Kc2 b5 21. Kb2 Bxb3 22. Kxb3 a5 23. Nf3 b4 24. Bd2 a4+ 25. Kxb4 a3 26. Nd4 a2 27. Ra1 Rcb8+ 28. Kc4 Rb1 29. Bc3 Nc7 30. Be4 Ra4+ 31. Kd3 f5 32. Bf3 Ra3 33. Kd2 Rxc3 34. Rxa2 Rcc1 35. Nc6 Rd1+ 36. Ke3 Kf8 37. Kf4 Nxd5+ 38. Kg5 Kg7 39. e4 h6+ 40. Kh4 g5+ 41. Kh3 g4+ 42. Kh4 gxf3 43. exd5 Kf6 0-1

[Event "BUL Ch"]
[Site "Bulgaria"]
[Date "1975.??.??"]
[Round "13"]
[White "Peev, Peicho C"]
[Black "Orev, Petar"]
[Result "1-0"]
[WhiteElo "2425"]
[BlackElo "2375"]
[PlyCount "79"]
[EventDate "1975.??.??"]
[Source "www.chesslib.no"]
[SourceDate "2004.05.04"]

1. d4 Nf6 2. c4 g6 3. d5 Bg7 4. Nc3 O-O 5. e4 d6 6. f4 e6 7. Nf3 exd5 8. exd5 Re8+ 9. Be2 Na6 10. O-O Nc5 11. f5 Bxf5 12. Nd4 Bd7 13. Bg5 h6 14. Bh4 g5 15. Be1 Qc8 16. b4 Nce4 17. Bd3 Nxc3 18. Bxc3 Ne4 19. Bb2 c6 20. dxc6 bxc6 21. Qh5 f5 22. Qg6 Re7 23. Rae1 Qe8 24. Nxf5 Bxf5 25. Qxf5 Bxb2 26. Bxe4 Bd4+ 27. Kh1 Qf7 28. Bd5 cxd5 29. Rxe7 Qxf5 30. Rxf5 Rc8 31. Rxd5 Rxc4 32. Re1 Rxb4 33. Rxd6 Kg7 34. g4 Bf6 35. h3 a5 36. Ree6 Rf4 37. Kg2 a4 38. Ra6 Kf7 39. Re2 Bd4 40. Rxa4 1-0

[Event "URS Ch otbor56"]
[Site "Uzhgorod"]
[Date "1988.??.??"]
[Round "?"]
[White "Efimov, Igor"]
[Black "Malisauskas, Vidmantas"]
[Result "0-1"]
[WhiteElo "2405"]
[BlackElo "2390"]
[PlyCount "64"]
[EventDate "1988.??.??"]
[Source "www.chesslib.no"]
[SourceDate "2004.05.04"]

1. d4 Nf6 2. c4 g6 3. d5 c6 4. Nc3 Bg7 5. e4 d6 6. Be2 O-O 7. Nf3 Bg4 8. O-O Nbd7 9. Be3 cxd5 10. cxd5 Qa5 11. Rb1 Rfc8 12. Nd2 Bxe2 13. Qxe2 Nb6 14. f4 Na4 15. Bd4 Nd7 16. Bxg7 Kxg7 17. Kh1 Nxc3 18. bxc3 Qxc3 19. Rxb7 Nc5 20. Rbb1 Rab8 21. Rbd1 Rb2 22. e5 Rxa2 23. f5 Qxe5 24. Qg4 Rf8 25. Nf3 Qxf5 26. Qh4 Qe4 27. Qh3 Qe3 28. Rde1 Re2 29. Rxe2 Qxe2 30. Re1 Qf2 31. Rxe7 Qf1+ 32. Ng1 Nd3 0-1

[Event "Pernik"]
[Site "Pernik"]
[Date "1976.??.??"]
[Round "2"]
[White "Djuric, Stefan"]
[Black "Kirov, Nino"]
[Result "1/2-1/2"]
[WhiteElo "2310"]
[BlackElo "2485"]
[PlyCount "22"]
[EventDate "1976.??.??"]
[Source "www.chesslib.no"]
[SourceDate "2004.05.04"]

1. d4 Nf6 2. c4 g6 3. d5 c6 4. Nc3 cxd5 5. cxd5 Bg7 6. e4 d6 7. f3 O-O 8. Be3 e6 9. dxe6 Bxe6 10. Nge2 Nc6 11. Nf4 Qa5 1/2-1/2

[Event "Voronezh RUS"]
[Site "?"]
[Date "2005.06.13"]
[Round "2"]
[White "Iliushkin Evgen"]
[Black "Yandemirov Valeri"]
[Result "0-1"]
[WhiteElo "2287"]
[BlackElo "2503"]
[PlyCount "72"]
[EventDate "2005.??.??"]
[Source "www.chesslib.no"]
[SourceDate "2004.05.04"]

1. d4 Nf6 2. c4 g6 3. d5 c6 4. Nc3 cxd5 5. cxd5 d6 6. e4 Bg7 7. Bb5+ Bd7 8. a4 O-O 9. Nge2 Na6 10. Be3 Qc7 11. f3 Nc5 12. b4 a6 13. bxc5 axb5 14. cxd6 exd6 15. axb5 Ng4 16. Bd2 Ne5 17. Be3 Ng4 18. Bd2 Ne5 19. Be3 Nc4 20. Rxa8 Rxa8 21. Bc1 Ra1 22. Kf2 Qc5+ 23. Kg3 Be5+ 24. f4 Nb2 25. Qd2 Nc4 26. Qd1 Bg7 27. Qd3 Bxb5 28. Nxb5 Qxb5 29. Rd1 Qa4 30. Nc3 Bxc3 31. Qxc3 Qxd1 32. Qxa1 Qe1+ 33. Kh3 Nd2 34. Kg4 Qe2+ 35. Kh3 Qh5+ 36. Kg3 Nxe4# 0-1

[Event "Zuerich Open"]
[Site "Zurich SUI"]
[Date "1988.??.??"]
[Round "4"]
[White "Alber, Horst"]
[Black "Filipovic, Branko"]
[Result "1/2-1/2"]
[WhiteElo "2350"]
[BlackElo "2440"]
[PlyCount "38"]
[EventDate "1988.??.??"]
[Source "www.chesslib.no"]
[SourceDate "2004.05.04"]

1. d4 Nf6 2. c4 g6 3. d5 c6 4. Nc3 cxd5 5. cxd5 d6 6. e4 Bg7 7. Nf3 O-O 8. Bd3 Nbd7 9. O-O Nc5 10. Bc2 Bg4 11. Rb1 Nfd7 12. h3 Bxf3 13. Qxf3 Rc8 14. Qe2 a6 15. Nd1 Nb6 16. Ne3 e5 17. Bd2 Qh4 18. Kh2 Qe7 19. Rbc1 Ncd7 1/2-1/2

[Event "HUN-chT 9798"]
[Site "Hungary"]
[Date "1998.??.??"]
[Round "?"]
[White "Varga, Peter"]
[Black "Feher, Gyula"]
[Result "1-0"]
[WhiteElo "2390"]
[BlackElo "2380"]
[PlyCount "105"]
[EventDate "1997.??.??"]
[Source "www.chesslib.no"]
[SourceDate "2004.05.04"]

1. d4 Nf6 2. c4 g6 3. d5 b5 4. cxb5 a6 5. bxa6 c6 6. dxc6 Nxc6 7. Nc3 Bxa6 8. g3 Bg7 9. Bg2 O-O 10. Nh3 Qb6 11. O-O Bc4 12. Nf4 e6 13. Qd2 Qa5 14. Rb1 d5 15. b3 Ba6 16. a3 Qc7 17. Bb2 Rab8 18. Ba1 Rfd8 19. Rfc1 Qd6 20. b4 Ne5 21. b5 Nc4 22. Qa2 Bb7 23. a4 Qb6 24. Nd3 Ng4 25. Nd1 Ra8 26. Bxg7 Kxg7 27. Ra1 Nf6 28. N1b2 Na5 29. Nc5 Nd7 30. Nbd3 Ra7 31. Qb2+ Kg8 32. Nxd7 Rxd7 33. Ne5 Rd8 34. e3 h5 35. Rc2 d4 36. Bxb7 Rxb7 37. exd4 Qxd4 38. Qxd4 Rxd4 39. Nc6 Nxc6 40. Rxc6 Rb4 41. Ra6 Kf8 42. h4 Ke7 43. Rc1 Kd7 44. Kg2 Kd8 45. Rc2 Kd7 46. Rcc6 Kd8 47. Rc2 Kd7 48. Kf3 Kd8 49. Ke3 Kd7 50. Kd3 Rb1 51. Rd2 Rc1 52. Ke3+ Kc7 53. Rdd6 1-0

[Event "NRW Ch U20 Open"]
[Site "Krefeld GER"]
[Date "1983.??.??"]
[Round "5"]
[White "Sygulski, Artur"]
[Black "Zueger, Beat"]
[Result "1-0"]
[WhiteElo "2425"]
[BlackElo "2340"]
[PlyCount "59"]
[EventDate "1983.??.??"]
[Source "www.chesslib.no"]
[SourceDate "2004.05.04"]

1. d4 Nf6 2. c4 g6 3. d5 Bg7 4. Nc3 O-O 5. e4 d6 6. Nf3 Bg4 7. Be2 Nbd7 8. O-O Nc5 9. Nd2 Bxe2 10. Qxe2 Nfd7 11. Nf3 Re8 12. Qc2 c6 13. Bd2 Rc8 14. Rac1 e6 15. dxc6 bxc6 16. b4 Na6 17. a3 Nb6 18. Qd3 Nc7 19. Bg5 Qd7 20. Rfd1 d5 21. c5 Nba8 22. e5 h6 23. Bh4 Rf8 24. Ne4 Ne8 25. Nf6+ Bxf6 26. exf6 g5 27. Qe3 gxh4 28. Qxh6 e5 29. Qg5+ Kh7 30. Nxe5 1-0